Metadata and Website Design for Statistical Data Dissemination

Salvato in:
Dettagli Bibliografici
Autore principale: Hudec, Miroslav, 1969-
Altri autori: Büchler, Pavol
Natura: Capitolo di libro
Lingua:inglese
Tags: Aggiungi Tag
Nessun Tag, puoi essere il primo ad aggiungerne!!

MARC

LEADER 00000naa a2200000 4500
001 0196540
005 20240502083459.0
041 0 |a eng 
044 |a RS 
245 1 0 |a Metadata and Website Design for Statistical Data Dissemination  |c Miroslav Hudec, Pavol Büchler 
100 1 |a Hudec, Miroslav, 1969- 
700 1 |a Büchler, Pavol